000 00476nam a2200169Ia 4500
008 180921t2011 xxu||||| |||| 00| 0 sin d
041 _asin
080 _a133.52
_bWAn
100 _aWanigarathna, Asiri
245 _aඔබේ ලග්නයේ සියළුම රහස් - කටක
246 _aObe Lagnaye Siyaluma Rahas- Kataka
260 _b
_aColombo
_c2011
300 _b80p, 21 cm
942 _cBK
999 _c6040
_d6040
003 LK-CoDNM
040 _aLK-CoDNM
_dLK-CoDNM
_eLK-CoDNM